Athletes Who Wore #4 - Statistics

General Stats
  • This quiz has been taken 72 times
  • The average score is 7 of 16
Answer Stats
Team Years Player % Correct
Dallas Cowboys 2016- Dak Prescott
93%
Green Bay Packers 1992-2007 Brett Favre
91%
Las Vegas Raiders 2014-2023 Derek Carr
86%
New York Yankees 1923-1939 Lou Gehrig
70%
Clemson Football 2014-2016 Deshaun Watson
65%
Boston Bruins 1966-1976 Bobby Orr
46%
Detroit Pistons 1986-1999 Joe Dumars
46%
Sacramento Kings 1998-2004 Chris Webber
44%
Toronto Raptors 2003-2010 Chris Bosh
42%
Indianapolis Colts 2006-2019 Adam Vinatieri
32%
Liverpool 2017- Virgil van Dijk
25%
Duke Men's Basketball 2002-2006 JJ Redick
23%
Real Madrid 2005-2021 Sergio Ramos
23%
New Jersey Devils 1991-2004 Scott Stevens
19%
New York Giants (MLB) 1926-1947 Mel Ott
14%
St. Louis Cardinals 1915-1926, 1933 Rogers Hornsby
12%
No matching quizzes found
Score Distribution
Percent of People with Each Score
Percentile by Number Answered
Your Score History
You have not taken this quiz